00434 2200157 4500001002100000005001500021035002000036245009200056100001800148300002600166260002800192082000800220084001400228020002200242990001200264INLIS00000000000301320250918092204 a0010-09250003601 aAishiteru :bCinta Sering Datang Sendiri Saat Kita Menganggapnya Pergi /cKeisha Sarang0 aKeisha Sarang a260 hlm ;c13 x 19 cm aJakarta :bZettu,c2013 a813 a813 KEI a a978-602-7735-39-2 a0755620